000 00289nam a2200121Ia 4500
008 241002s9999 xx 000 0 und d
082 _a297.5 MOD
100 _aMododi Abu Ala
245 0 _aIslami Ebadad Par Thehqiqi Nazar
260 _aKarachi:
_c1967
600 _aReligion
942 _cUC
999 _c18437
_d18437